Регионална библиотека "Любен Каравелов" - Русе

Изобразително изкуство за І клас (Запис номер 103385)

MARC детайли
000 -Лидер
Контролно поле с фиксирана дължина 01744nam a2200409 a 4500
003 - Код на организацията, давaща контролен номер
Контролно поле BLK
005 - Дата и час на последна редакция
Контролно поле 20241216135026.0
008 - Елементи от данни с фиксирана дължина
fixed length control field 180409b bul|||||r ||||||| ||bul||
010 ## - Наследен системен номер
LC control number KNG00108459000
020 ## - Международен стандартен номер на книга ISBN
Международен стандартен номер на книга ISBN 954-01-1267-2
040 ## - Източник на каталожния запис
Идентификатор на билиотеката - собственик на записа BLK
041 ## - Код за език
Код за езика на текст/звукозапис или на отделно заглавие Български
Код за езика КДБФ Български
080 ## - УДК
Текстов определител УДК Изобразително изкуство в основното училище
УДК код - определител по УДК 372.875
УДК определител (075.2)
УДК - код + определител 372.875(075.2)
100 1# - Редна дума - Автор
Автор Димитров, Димитър Георгиев
Авторска отговорност първи автор
R(LIN) 364131
139 ## - Редно поле
Редна дума Димитров, Димитър Георгиев и др.
Авторски знак Дими - Д 58
245 10 - Сведения за заглавието
Заглавие Изобразително изкуство за І клас
Редно поле (дума) Димитър Георгиев Димитров; съавт. Петер Кънчев Цанев; съавт. Ралица Пантева Карапантева.
257 ## - Страна на издаване
Страна на създаване/издаване България
260 ## - Област на издателските данни
Име на издателя, разпространителя и проч. Просвета
Година на издаване 2002
Печатница Русе : Дунав прес
Място на издаване, разпространение и проч. София
300 ## - Физическа характеристика
Страници 80 с.
Илюстрации и др. с цв. ил.
Размери/Мащаб 28 см
380 ## - Жанр
Жанр Обществени науки
500 ## - Общи забележки
Забележка Одобрен със заповед № РД 09-420/11.06.2002 на МОН.
650 #4 - Допълнително описание по предмет – тема
Основно описание – тема или топоним Рисуване
9 (RLIN) 169520
653 ## - Ключова дума – ненормативна
Ключова дума рисуване
653 ## - Ключова дума – ненормативна
Ключова дума изобразително изкуство
653 ## - Ключова дума – ненормативна
Ключова дума І кл.
653 ## - Ключова дума – ненормативна
Ключова дума учебници за основни училища
700 1# - Други автори (авторска отговорност)
Лично име Цанев, Петер Кънчев
9 (RLIN) 138980
700 1# - Други автори (авторска отговорност)
Лично име Карапантева, Ралица Пантева
Автороска отговорност (Описва отношението между автора и произведението) съавт.
9 (RLIN) 76837
852 ## - Местоположение
Форматна сигнатура Цб ІІ 12168
Фондова буква Хранилище
856 4# - Електронен адрес и достъп
Електронен формат pdf - файл
856 4# - Електронен адрес и достъп
Електронен формат pdf - файл
999 ## - СИСТЕМНИ КОНТРОЛНИ НОМЕРА
Koha biblionumber 103385
Koha biblioitemnumber 103385
942 ## - АРТИКУЛИ
Вид на библиотечния материал Книги
Скрит в OPAC Не
Периодичен библиозапис Да
Koha issues (borrowed), all copies 1
944 ## - СЪЗДАВАНЕ И РЕДАКЦИЯ на ЗАПИСА
Създаване/Редакция Създаване
Дата на регистрацията/редакция 22.10.2003
Статус, дата на статуса Геновева Генчева
Служител, извършил регистрацията/редакцията 30560
944 ## - СЪЗДАВАНЕ И РЕДАКЦИЯ на ЗАПИСА
Създаване/Редакция Редакция
Дата на регистрацията/редакция 17.05.2017
Статус, дата на статуса ф /
Служител, извършил регистрацията/редакцията Виолета_Тройчева
999 ## - СИСТЕМНИ КОНТРОЛНИ НОМЕРА
Koha biblioitemnumber 103385
999 ## - СИСТЕМНИ КОНТРОЛНИ НОМЕРА
Koha biblioitemnumber 103385
Наличности
Код за отписване Код за изгубен артикул Източник на класификационната схема Код за повреда Коз за рестрикции Код за отдаване Артикулен № Име на библиотеката - собственик Име на библиотеката, в която се намира в момента Статус (Текущо местоположение) Дата на вписване в системата Местоположение - отдел Цена в лева Инвентарен номер Систематично азбучна сигнатура Баркод Номер на екземпляра Цена в евро Служебна бележка Служебен тип на артикула
  Не е изгубен Universal Decimal Classification Не е повреден само за читалня ползва се в читалня 166823 Регионална библиотека "Любен Каравелов" Русе Регионална библиотека "Любен Каравелов" Русе Хранилище 2003-10-22 Хранилище 0.00 120000679292 Цб ІІ 12168 120000679292 1 0.00 Дост: Dp Вид: Д N: 43 Дата: 16.10.2002 Книги
  Не е изгубен Universal Decimal Classification Не е повреден без рестрикции заемане за дома 166824 Регионална библиотека "Любен Каравелов" Русе Регионална библиотека "Любен Каравелов" Русе Детски отдел 2014-01-07 Детски отдел 3.00 120000773254 ДН 373.3.016/Д 58 120000773254 2 1.53 Дост: DA Вид: А N: 1 Дата: 07.01.2014 Дата инв: 21.08.2015 Бележки инв: Д2015 Книги
Vip Innovations Ltd, Rousse, Bulgaria 2025